000 00291nam a22001217a 4500
008 180925b xxu||||| |||| 00| 0 eng d
041 _aeng
080 _a621
100 _a27
101 _aMEK
245 _aVibration of Solids and Structures under moving loads
_cFryba, L
942 _2udc
_cBK
999 _c48437
_d48437